مصادر المكتبة العربية في اللغة و الأدب و المعاجم و التراجم / (رقم التسجيلة. 40559)

تفاصيل مارك
000 -LEADER
fixed length control field 00586nam a22001937a 4500
005 - DATE AND TIME OF LATEST TRANSACTION
control field 20251108170131.0
008 - FIXED-LENGTH DATA ELEMENTS--GENERAL INFORMATION
fixed length control field 250721s1999 xx 000 0 ara d
082 14 - DEWEY DECIMAL CLASSIFICATION NUMBER
Classification number 028.7/عمد
100 1# - MAIN ENTRY--PERSONAL NAME
Personal name العمد، هاني
245 10 - TITLE STATEMENT
Title مصادر المكتبة العربية في اللغة و الأدب و المعاجم و التراجم /
264 1# - PRODUCTION, PUBLICATION, DISTRIBUTION, MANUFACTURE, AND COPYRIGHT NOTICE
Place of production, publication, distribution, manufacture عمان :
Date of production, publication, distribution, manufacture, or copyright notice 1999.
300 ## - PHYSICAL DESCRIPTION
Extent ج
650 17 - SUBJECT ADDED ENTRY--TOPICAL TERM
Topical term or geographic name as entry element المكتبات
650 17 - SUBJECT ADDED ENTRY--TOPICAL TERM
Topical term or geographic name as entry element الموارد المرجعية
650 17 - SUBJECT ADDED ENTRY--TOPICAL TERM
Topical term or geographic name as entry element مقتنيات المكتبات
650 17 - SUBJECT ADDED ENTRY--TOPICAL TERM
Topical term or geographic name as entry element الكتب
942 ## - ADDED ENTRY ELEMENTS (KOHA)
Source of classification or shelving scheme Dewey Decimal Classification
Koha item type مراجع
المقتنيات
حالة السحب حالة الفقدان مصدر التصنيف حالة التلف غير قابل للإعارة المكتبة الرئيسية المكتبة الحالية موقع الرف تاريخ التزويد الرقم المتسلسل Total Checkouts رقم الإستدعاء تاريخ آخر ظهور تاريخ الفاتورة نوع المادة (كوها) الباركود
    Dewey Decimal Classification Unchecked   مكتبة أبو علندا العامة مكتبة أبو علندا العامة الإعارة 06/07/2004 ج2- 312702   028.7/عمد 28/07/2025 06/07/2004 مراجع  
    Dewey Decimal Classification Unchecked   مكتبة أم قصير والمقابلين العامة مكتبة أم قصير والمقابلين العامة الإعارة 06/07/2004 312701   028.7/عمد 28/07/2025 06/07/2004 مراجع  
    Dewey Decimal Classification     مكتبة الأميرة ايمان العامة مكتبة الأميرة ايمان العامة الإعارة 27/11/2013 312693   028.7/عمد 28/07/2025 27/11/2013 مراجع PLD00288154
    Dewey Decimal Classification Unchecked   مكتبة الاميرة بديعة مكتبة الاميرة بديعة الإعارة 06/07/2004 ج2- 312696   028.7/عمد 28/07/2025 06/07/2004 مراجع  
    Dewey Decimal Classification   Not For Loan مكتبة الاميرة بديعة مكتبة الاميرة بديعة مراجع 27/07/2015 [6679].   028.7/عمد 28/07/2025 27/07/2015 مراجع PLD00339189
    Dewey Decimal Classification Unchecked   مكتبة الجويدة مكتبة الجويدة الإعارة 06/07/2004 ج2- 312697   028.7/عمد 28/07/2025 06/07/2004 مراجع  
    Dewey Decimal Classification Unchecked   مكتبة الحسن العامة مكتبة الحسن العامة الإعارة 06/07/2004 ج2- 312698   028.7/عمد 28/07/2025 06/07/2004 مراجع  
    Dewey Decimal Classification     مكتبة حمزة العامة مكتبة حمزة العامة الإعارة 06/07/2004 ج2- 312699   028.7/عمد 28/07/2025 06/07/2004 مراجع ج2- 312699
    Dewey Decimal Classification     مكتبة صويلح العامة مكتبة صويلح العامة الإعارة 15/06/2015 312694   028.7/عمد 28/07/2025 15/06/2015 مراجع PLD00331332
    Dewey Decimal Classification Unchecked   مكتبة وادي السير العامة مكتبة وادي السير العامة الإعارة 06/07/2004 ج2- 312703   028.7/عمد 28/07/2025 06/07/2004 مراجع  
Implemented & Customized by: BBB with SCIT (Smart Chains for Information Technology)

Powered by Koha